Dzielnica Gdańska czy Gdyni? - klikanie - Statystyki

Ogólne statystyki
  • Ten quiz został rozwiązany 47 razy
  • Średni wynik to 26 z 30
Statystyki odpowiedzi
Hint Odpowiedź % Poprawnych
Stogi Gdańsk
95%
Wrzeszcz Dolny Gdańsk
95%
Brzeźno Gdańsk
95%
Zaspa-Rozstaje Gdańsk
95%
Oliwa Gdańsk
93%
Chylonia Gdynia
93%
Jasień Gdańsk
90%
Chełm Gdańsk
88%
Kokoszki Gdańsk
88%
Siedlce Gdańsk
88%
Redłowo Gdynia
88%
Wzgórze św. Maksymiliana Gdynia
88%
Witomino Gdynia
88%
Pustki Cisowskie-Demptowo Gdynia
88%
Obłuże Gdynia
85%
Cisowa Gdynia
85%
Karwiny Gdynia
85%
Wielki Kack Gdynia
85%
Działki Leśne Gdynia
85%
Przymorze Wielkie Gdańsk
83%
Nowy Port Gdańsk
83%
Osowa Gdańsk
83%
Babie Doły Gdynia
83%
Oksywie Gdynia
83%
Orunia-św. Wojciech-Lipce Gdańsk
80%
Rudniki Gdańsk
80%
Grabówek Gdynia
80%
Brętowo Gdańsk
78%
Wzgórze Mickiewicza Gdańsk
75%
Śródmieście Oba
60%
Nie znaleziono quizów pasujących do podanych kryteriów
Rozkład punktacji
Procent ludzi z każdym wynikiem
Percentyl według liczby udzielonych odpowiedzi
Twoja historia wyników
Nie rozwiązałeś tego quizu